000 00833nam a2200229Ia 4500
999 _c39271
_d39271
001 5857
003 GE_BSU
005 20190918115912.0
008 181216s2001||||ge |||||||||||||| ||geo||
040 _cGE_BSU
041 _ageo
080 _a821.353.1-1 ა-61
100 _aანანიძე, ჯ.
_94079
245 _aსულში ჩარჩენილი სატკივარი /
_cჯაბა ანანიძე ; რედ. გ. გუჯაბიძე.
264 _aბათუმი :
_bაჭარა ;
_c2001.
300 _a50 გვ. ;
_c19 სმ.
541 _h3ლ.
653 _aსულში ჩარჩენილი სატკივარი
653 _aჩანახატი
700 _aგუჯაბიძე, გ.
_eრედაქტორი
_94080
942 _cBK
_2udc